004560000a2200133000450024500900000065000290009065000250011965000200014465100260016465100410019004100130023110000250024477300530026910aEffects of land-cover changes on mammals in a neotropical region: a modeling approach14aModelación ecológica14aCambio del hábitat14aFauna silvestre 4dEl PeténpGuatemala 4dCampeche, Tabasco, ChiapaspMéxico0 aInglés1 aCuarón, Alfredo D.1 tConservation Biology324h4q1676-1992d2000g14